| 000 | 01716nam a22001697a 4500 | ||
|---|---|---|---|
| 003 | NUST | ||
| 082 | _a621 | ||
| 100 |
_a NASEER, MARIYAM _9119729 |
||
| 245 |
_aMathematical Modelling and Analysis of Nonlinear Aeroservoelastic framework for Light Aircraft / _cMARIYAM NASEER |
||
| 264 |
_aIslamabad : _bSMME- NUST; _c2023. |
||
| 300 |
_a116p. ; _bSoft Copy _c30cm. |
||
| 520 | _aIn this research, an aeroelastic model of light aircraft is developed with the help of structural mesh from PATRAN and aero model in ZAERO. Flutter analysis of this aeoelastic model is performed in ZAERO and lowest flutter speed is identified along with critical mode shapes. The effect of freeplay motion of different control surfaces of aircraft are modeled and isintegrated with the flight control algorithm in MATLAB to obtain the aeroservoelastic model. The model thus developed is solved for numerous flight conditions and different freeplay angles of the control surfaces. Analysis for aileron, rudder and elevator are conducted independently and simultaneous analysis for aileron and elevator freeplay is also studied. It is observed that the aeroservoelastic response of light aircraft is most senstive to elevator while rudder has negligible effect on aeroservoelastic response of light aircraft. Moreover the simultaneous motion of two control surfaces reduce the lowest flutter speed of aircraft. Hence the effect of simultaneous motion of control surfaces need to be addressed during design of light aircraft. | ||
| 650 |
_aMS Mechanical Engineering _9119495 |
||
| 700 |
_aSupervisor : Dr Muhammad Safdar _9119644 |
||
| 856 | _uhttp://10.250.8.41:8080/xmlui/handle/123456789/34353 | ||
| 942 |
_2ddc _cTHE |
||
| 999 |
_c607346 _d607346 |
||